000 00170 a2200097 4500
020 _a
041 _aspa
100 _aHoeksema
245 _aTodo el que quiera
942 _cBK
999 _c9243
_d9243